| 000 | 00505nam a22001817a 4500 | ||
|---|---|---|---|
| 003 | CEME | ||
| 005 | 20210628205044.0 | ||
| 008 | 210128b xxu||||| |||| 00| 0 eng d | ||
| 020 | _a81-297-0100-6 | ||
| 040 | _c. | ||
| 082 | _a519.72 VAS | ||
| 100 |
_aVaserstein, Leonid Nison:Byrne, Christopher Cattelier _973665 |
||
| 245 | _aIntroduction to linear programming | ||
| 260 |
_aNEW DELHI _bPEARSON EDUCATION ASIA _c2003 |
||
| 300 | _aIX,321P | ||
| 650 |
_aLINEAR PROGRAMMING _910838 |
||
| 942 |
_cBK _2ddc |
||
| 999 |
_c579323 _d579323 |
||